[Event "British Rapidplay"]
[Site "Peterborough"]
[Date "2024.03.03"]
[Round "8"]
[White "Brown, Christian K"]
[Black "Smith, Andrew PE"]
[Result "0-1"]
[WhiteElo "1616"]
[BlackElo "1691"]
[PlyCount "52"]
[EventDate "2024.03.02"]
[EventType "swiss (rapid)"]
[EventRounds "11"]
[EventCountry "ENG"]
[SourceTitle "CB10_2024"]
[SourceDate "2024.03.06"]
[SourceVersion "1"]
[SourceVersionDate "2024.03.06"]
[SourceQuality "1"]

1. e4 e6 2. d3 d5 3. Nd2 c5 4. Ngf3 Nc6 5. g3 Nf6 6. Bg2 Be7 7. 0-0 0-0 8. Re1 b5 9. e5 Nd7 10. Nf1 a5 11. h4 Ba6 12. N1h2 b4 13. Bf4 c4 14. d4 a4 15. c3 bxc3 16. bxc3 Qa5 17. Qc2 Rfb8 18. Bg5 a3 19. Rab1 Nb6 20. Ng4 Na4 21. Bxe7 Nxe7 22. Ng5 Nf5 23. Bxd5 Qxd5 24. Rxb8+ Rxb8 25. Qxa4 Bb7 26. Rb1 Qh1# 0-1

[Event "British Rapidplay"]
[Site "Peterborough"]
[Date "2024.03.03"]
[Round "7"]
[White "Smith, Andrew PE"]
[Black "Alizada, Eldar"]
[Result "0-1"]
[WhiteElo "1691"]
[BlackElo "1998"]
[PlyCount "56"]
[EventDate "2024.03.02"]
[EventType "swiss (rapid)"]
[EventRounds "11"]
[EventCountry "ENG"]
[SourceTitle "CB10_2024"]
[SourceDate "2024.03.06"]
[SourceVersion "1"]
[SourceVersionDate "2024.03.06"]
[SourceQuality "1"]

1. d4 d5 2. Nf3 Nf6 3. e3 e6 4. Bd3 Be7 5. 0-0 0-0 6. Nbd2 c5 7. c3 b6 8. dxc5 bxc5 9. e4 Bb7 10. e5 Nfd7 11. Re1 Nc6 12. Bb5 Qb6 13. Bxc6 Bxc6 14. Nb3 a5 15. Nbd2 a4 16. c4 d4 17. Ne4 Qb7 18. Qc2 f6 19. exf6 Nxf6 20. Neg5 h6 21. Nxe6 Bxf3 22. gxf3 Rf7 23. Bxh6 gxh6 24. Qg6+ Kh8 25. Qxf7 Rg8+ 26. Kf1 Qxf3 27. Qxe7 d3 28. Re3 Qh1# 0-1

[Event "Daventry 4NCL op-B 30th"]
[Site "Daventry"]
[Date "2023.06.18"]
[Round "4"]
[White "Smith, Andrew PE"]
[Black "Drukarczyk, Kacper"]
[Result "1-0"]
[WhiteElo "1765"]
[BlackElo "1618"]
[PlyCount "71"]
[EventDate "2023.06.16"]
[EventType "swiss"]
[EventRounds "5"]
[EventCountry "ENG"]
[SourceTitle "CBM 215 Extra"]
[Source "ChessBase"]
[SourceDate "2023.09.30"]
[SourceVersion "1"]
[SourceVersionDate "2023.09.30"]
[SourceQuality "1"]

1. e4 Nf6 2. e5 Nd5 3. d4 d6 4. c4 Nb6 5. exd6 cxd6 6. Nc3 g6 7. Be3 Bg7 8. Rc1 0-0 9. b3 Bf5 10. Nf3 Nc6 11. Bd3 Bxd3 12. Qxd3 e6 13. 0-0 d5 14. c5 Nd7 15. Rfd1 a6 16. a3 Ne7 17. b4 Nf5 18. Bf4 Nb8 19. h3 Nc6 20. Ne2 h6 21. g4 Nfe7 22. Qe3 Kh7 23. Bd6 Rh8 24. Ne5 Nxe5 25. dxe5 Nc8 26. Qg3 Qd7 27. Nd4 Nxd6 28. exd6 Rac8 29. Nb3 Bb2 30. Rb1 Bxa3 31. Na5 Bxb4 32. Rxb4 Rhf8 33. Rc1 Kg8 34. Qf4 Kg7 35. Rxb7 Qd8 36. d7 1-0

[Event "Daventry 4NCL op-B 30th"]
[Site "Daventry"]
[Date "2023.06.17"]
[Round "3"]
[White "Pyun, Lindsay"]
[Black "Smith, Andrew PE"]
[Result "1-0"]
[WhiteElo "1808"]
[BlackElo "1765"]
[PlyCount "117"]
[EventDate "2023.06.16"]
[EventType "swiss"]
[EventRounds "5"]
[EventCountry "ENG"]
[SourceTitle "CBM 215 Extra"]
[Source "ChessBase"]
[SourceDate "2023.09.30"]
[SourceVersion "1"]
[SourceVersionDate "2023.09.30"]
[SourceQuality "1"]

1. e4 e5 2. Nf3 Nc6 3. Bc4 Nf6 4. d3 d5 5. exd5 Nxd5 6. c3 Bg4 7. h3 Bh5 8. Qe2 Be7 9. g4 Bg6 10. Nxe5 Nxe5 11. Qxe5 Nb6 12. 0-0 0-0 13. Bb3 Re8 14. d4 Bd6 15. Qg5 Be7 16. Qf4 Bd6 17. Qf3 Qh4 18. Be3 Nd7 19. Nd2 Nf6 20. c4 c6 21. Rac1 Re7 22. Bc2 Bxc2 23. Rxc2 Rae8 24. Kg2 Ne4 25. Nxe4 Rxe4 26. Rd1 h6 27. d5 c5 28. b3 b6 29. Re2 Kf8 30. Rde1 Kg8 31. Bd2 Rxe2 32. Rxe2 Rxe2 33. Qxe2 Qf6 34. Qe3 Be5 35. Qf3 Qd6 36. Bc3 Bxc3 37. Qxc3 f6 38. Qe3 Kf7 39. f4 g5 40. Kf3 gxf4 41. Qxf4 Qe7 42. Qxh6 Qe1 43. Qe3 Qf1+ 44. Kg3 Qd1 45. h4 Kg7 46. g5 fxg5 47. hxg5 Kg6 48. Kf4 Qf1+ 49. Ke5 Qa1+ 50. Kd6 Qd4 51. Qe6+ Kxg5 52. Qe5+ Kg6 53. Qe6+ Kg5 54. Kd7 Kf4 55. d6 Qg7+ 56. Kc6 Qg2+ 57. Qd5 Qg6 58. Kc7 Qh7+ 59. d7 1-0

[Event "WLS-chT U1850"]
[Site "Wales"]
[Date "2023.05.07"]
[Round "4"]
[White "Smith, Andrew PE"]
[Black "Zedlmayer, Leon"]
[Result "0-1"]
[WhiteElo "1688"]
[BlackElo "1665"]
[PlyCount "62"]
[EventDate "2023.02.19"]
[EventType "team-tourn"]
[EventRounds "5"]
[EventCountry "WLS"]
[SourceTitle "EXT 2024"]
[Source "ChessBase"]
[SourceDate "2023.10.10"]
[SourceVersion "1"]
[SourceVersionDate "2023.10.10"]
[SourceQuality "1"]
[WhiteTeam "Morriston Minors"]
[BlackTeam "Cardiff Tigers"]
[WhiteTeamCountry "WLS"]
[BlackTeamCountry "WLS"]

1. e4 c5 2. Nf3 d6 3. d4 cxd4 4. Nxd4 Nf6 5. Nc3 a6 6. Be3 e5 7. Nf3 Be6 8. Ng5 Be7 9. Nxe6 fxe6 10. Bc4 Qd7 11. f3 b5 12. Bb3 Nc6 13. a3 0-0 14. Qd2 Kh8 15. Rd1 Rac8 16. 0-0 Na5 17. Ba2 Nc4 18. Bxc4 Rxc4 19. Kh1 Rfc8 20. Qf2 b4 21. axb4 Rxb4 22. Bc1 d5 23. Rd3 Qc6 24. Na2 Ra4 25. Nc3 Ra1 26. Rd2 Bc5 27. Qh4 a5 28. Rfd1 Be3 29. exd5 exd5 30. Nxd5 Bxd2 31. Ne7 Qxc2 0-1

[Event "London Classic op U1825 11th"]
[Site "London"]
[Date "2019.12.01"]
[Round "4"]
[White "Smith, Andrew PE"]
[Black "Gogia, Abeer"]
[Result "1-0"]
[WhiteElo "1507"]
[BlackElo "1197"]
[PlyCount "43"]
[EventDate "2019.11.29"]
[EventType "swiss"]
[EventRounds "5"]
[EventCountry "ENG"]
[SourceTitle "CBM 195 Extra"]
[Source "ChessBase"]
[SourceDate "2020.05.31"]
[SourceVersion "1"]
[SourceVersionDate "2020.05.31"]
[SourceQuality "1"]

1. e4 c5 2. d4 cxd4 3. c3 dxc3 4. Nxc3 Nf6 5. e5 Ng8 6. Nf3 Nc6 7. Bc4 e6 8. 0-0 h6 9. Bf4 Bc5 10. Qe2 Nge7 11. Nb5 Nf5 12. Rfd1 a6 13. Nd6+ Nxd6 14. exd6 b5 15. Bb3 0-0 16. Rac1 Bb6 17. Qd2 Bb7 18. Bxh6 gxh6 19. Qxh6 f6 20. Qg6+ Kh8 21. Bc2 f5 22. Ng5 1-0